000 00766nam a2200241 i 4500
001 C2-0141740
003 PPAK
005 20180727125413.0
008 980106s1996 xx a|||| ||||| | eng d
020 _a9812044140
040 _aPPAK
_beng
_cPPAK
_erda
082 0 4 _a949.25
_223
090 0 0 _a949.25
_bSTR
_dR
100 1 _aStrange, Morten,
_eauthor
245 1 0 _aCulture shock ! :
_bDenmark
264 1 _a[place of publication not identified] :
_bTimes Books International ,
_c1996
300 _a228 pages :
_billustrations ;
_c20 cm
336 _2rdacontent
_atext
337 _2rdamedia
_aunmediated
338 _2rdacarrier
_avolume
650 1 0 _aEtiquette - Denmark ; Denmark - Description and travel ; Denmark - Social life and customs
942 _ddc
_cB
999 _c44341
_d44341